LDR 01067naa#a2200193#i#450# 001 RU\\bibl\120272 005 20260417004733.5 011 ## _a1819-4036 100 ## _a20210331b2021####ek#y0rusy0150####ca 102 ## _aRU 200 1# _aВЛИЯНИЕ ПРОБИТИЧЕСКОГО ПРЕПАРАТА НА ОСНОВЕ СПОРОБРАЗУЮЩИХ БАКТЕРИЙ НА ОРГАНИЗМ ПОРОСЯТ _eЖурнальная статья 210 1# _aКрасноярск _cКрасноярский государственный аграрный университет _d2021 215 ## _a5 с. 608 ## _aЖурнальная статья _2local 675 ## _aОбщее животноводство. Разведение млекопитающих животных и птиц. Скотоводство. Домашние животные и их разведение. 636 _z 700 #1 _aПроскурина _gЛюдмила Ивановна 700 #1 _aЭннс _gЕлена Михайловна 700 #1 _aРепш _gНаталья Викторовна 856 4# _avestnik.kgau.ru _u